000 00183nam a22000977a 4500
040 _cSK
082 _a301
245 _aសង្គម
260 _aRUA
_bហ៊ីង
_c2002
942 _cKB
999 _c8541
_d8541